Something in the Orange - Zach Bryan - Lyric Quiz - Statistics

General Stats
  • This quiz has been taken 1,144 times
  • The average score is 16 of 20
Answer Stats
Lyric % Correct
Something in the {orange} tells me we’re not done
93%
Something in the orange tells me you're never coming {home}
92%
To you I’m just a {man}, to me you're all I am
92%
Where the hell am I supposed to {go}?
92%
But when you place your head between my {collar} and jaw
91%
‘Cause if I say I {miss} you, I know that you won’t
91%
And I’m {damned} if I do and I’m {damned} if I don’t
88%
These things eat at your {bones} and drive your young mind crazy
88%
It’ll be fine by {dusk} light I’m telling you baby
84%
Please turn those {headlights} around
82%
Take me back to us {dancing}, this wood used to creak
81%
Your voice only {trembles} when you try to speak
80%
I don’t know much but there’s no {weight} at all
78%
I need to hear you say you've been {waiting} all night
78%
If you leave {today} I'll just stare at the way
73%
The {grass}, trees, and dew, how I just hate you
73%
The orange {touches} all things around
71%
I {poisoned} myself again
66%
But I miss you in the {mornings} when I see the sun
63%
There's orange dancing in your eyes from {bulb} light
58%
No matching quizzes found
Score Distribution
Percent of People with Each Score
Percentile by Number Answered
Your Score History
You have not taken this quiz